[Event "Africa-ch U12"]
[Site "Cairo"]
[Date "2017.12.06"]
[Round "6.4"]
[White "Marais, Alwyn Johannes"]
[Black "Oosthuizen, Michal Jacobus"]
[Result "0-1"]
[WhiteElo "1186"]
[BlackElo "1417"]
[PlyCount "44"]
[EventDate "2017.12.03"]
[EventType "swiss"]
[EventRounds "9"]
[EventCountry "EGY"]
[SourceTitle "EXT 2024"]
[Source "ChessBase"]
[SourceDate "2023.10.10"]
[SourceVersion "1"]
[SourceVersionDate "2023.10.10"]
[SourceQuality "1"]

1. e4 c6 2. c4 d5 3. exd5 cxd5 4. cxd5 Nf6 5. Qa4+ Nbd7 6. Nc3 g6 7. Nf3 Bg7 8. Bc4 0-0 9. d3 a6 10. 0-0 b5 11. Bxb5 Nb6 12. Qb4 axb5 13. Qxb5 Nbxd5 14. Nxd5 Qxd5 15. Qb4 Qb7 16. Qc4 Bf5 17. Re1 Rfc8 18. Qd4 Nd5 19. Qh4 Qb4 20. Qxb4 Nxb4 21. Rxe7 Rxa2 22. Rb1 Bxd3 0-1

[Event "Africa-ch U12"]
[Site "Cairo"]
[Date "2017.12.04"]
[Round "2.3"]
[White "Khaled, Yousef"]
[Black "Marais, Alwyn Johannes"]
[Result "1-0"]
[WhiteElo "1670"]
[BlackElo "1186"]
[PlyCount "44"]
[EventDate "2017.12.03"]
[EventType "swiss"]
[EventRounds "9"]
[EventCountry "EGY"]
[SourceTitle "EXT 2024"]
[Source "ChessBase"]
[SourceDate "2023.10.10"]
[SourceVersion "1"]
[SourceVersionDate "2023.10.10"]
[SourceQuality "1"]

1. e4 e5 2. Nf3 Nc6 3. Nc3 Nf6 4. Be2 d5 5. exd5 Nxd5 6. 0-0 Nxc3 7. dxc3 Bf5 8. Bb5 f6 9. Bd3 e4 10. Nh4 exd3 11. Nxf5 g6 12. Re1+ Ne7 13. Nxe7 Bxe7 14. Bh6 dxc2 15. Qxc2 Qd6 16. Rad1 Qc6 17. Qb3 Qb6 18. Bg7 Qxb3 19. axb3 Rg8 20. Bxf6 Kf7 21. Bxe7 Rae8 22. Rd7 Rg7 1-0

[Event "RSA-ch U12"]
[Site "Gauteng"]
[Date "2017.04.10"]
[Round "9"]
[White "Oosthuizen, Michal Jacobus"]
[Black "Marais, Alwyn Johannes"]
[Result "1-0"]
[WhiteElo "1416"]
[BlackElo "1147"]
[PlyCount "81"]
[EventDate "2017.04.05"]
[EventType "swiss"]
[EventRounds "11"]
[EventCountry "RSA"]
[SourceTitle "CBM 177 Extra"]
[Source "ChessBase"]
[SourceDate "2017.04.27"]
[SourceVersion "1"]
[SourceVersionDate "2017.04.27"]
[SourceQuality "1"]

1. d4 d5 2. Nf3 Nf6 3. c4 e6 4. Nc3 Nbd7 5. Bf4 Bd6 6. Ne5 Nxe5 7. dxe5 Nh5 8. e3 Nxf4 9. exf4 Bc5 10. cxd5 exd5 11. Qxd5 Qxd5 12. Nxd5 Bb6 13. g3 Be6 14. Nxb6 axb6 15. Bg2 c6 16. a3 0-0 17. 0-0 f6 18. Rad1 fxe5 19. fxe5 Ra5 20. f4 Bd5 21. Bxd5+ cxd5 22. Rd3 g6 23. Rfd1 Rd8 24. b4 Rb5 25. Rd4 Ra8 26. Rxd5 Rxd5 27. Rxd5 Rxa3 28. Rd8+ Kf7 29. Rd7+ Ke6 30. Rxb7 Kf5 31. Kf2 h5 32. Rf7+ Kg4 33. e6 Ra2+ 34. Ke3 Ra1 35. Rf6 Re1+ 36. Kd4 Rd1+ 37. Kc4 Rd6 38. Rxg6+ Kh3 39. f5 Kxh2 40. e7 b5+ 41. Kc5 1-0

[Event "RSA-ch U12"]
[Site "Gauteng"]
[Date "2017.04.08"]
[Round "6"]
[White "Smit, Yoshua"]
[Black "Marais, Alwyn Johannes"]
[Result "0-1"]
[WhiteElo "968"]
[BlackElo "1147"]
[PlyCount "42"]
[EventDate "2017.04.05"]
[EventType "swiss"]
[EventRounds "11"]
[EventCountry "RSA"]
[SourceTitle "CBM 177 Extra"]
[Source "ChessBase"]
[SourceDate "2017.04.27"]
[SourceVersion "1"]
[SourceVersionDate "2017.04.27"]
[SourceQuality "1"]

1. d4 d5 2. c4 e6 3. cxd5 exd5 4. Nc3 Nf6 5. Bg5 c6 6. Qc2 Na6 7. a3 Nc7 8. e3 Bd6 9. Bd3 h6 10. Bh4 0-0 11. Nge2 b5 12. 0-0-0 a5 13. Bh7+ Kh8 14. g4 Bxg4 15. Rhg1 Bh5 16. Bf5 b4 17. Nb1 bxa3 18. Qxc6 Bxe2 19. Rd2 Bg4 20. Bxg4 g5 21. Bxg5 hxg5 0-1

[Event "RSA-ch U12"]
[Site "Gauteng"]
[Date "2017.04.07"]
[Round "4"]
[White "Fourie, Brandon"]
[Black "Marais, Alwyn Johannes"]
[Result "0-1"]
[WhiteElo "1204"]
[BlackElo "1147"]
[PlyCount "50"]
[EventDate "2017.04.05"]
[EventType "swiss"]
[EventRounds "11"]
[EventCountry "RSA"]
[SourceTitle "CBM 177 Extra"]
[Source "ChessBase"]
[SourceDate "2017.04.27"]
[SourceVersion "1"]
[SourceVersionDate "2017.04.27"]
[SourceQuality "1"]

1. e4 e5 2. Nc3 Nf6 3. d3 Nc6 4. f4 d5 5. fxe5 Nxe5 6. Bf4 Bd6 7. d4 Nd3+ 8. Bxd3 Bxf4 9. Nf3 c6 10. Qe2 0-0 11. g3 Bh6 12. h3 Re8 13. e5 Nh5 14. Qf2 f6 15. g4 Nf4 16. Qg3 Qb6 17. Rb1 fxe5 18. g5 Nxd3+ 19. cxd3 exd4+ 20. Kf1 Bxg5 21. Qxg5 dxc3 22. Rg1 Bxh3+ 23. Rg2 Bxg2+ 24. Kxg2 Re2+ 25. Kg3 Rf8 0-1

[Event "RSA-ch U12"]
[Site "Gauteng"]
[Date "2017.04.07"]
[Round "5"]
[White "Marais, Alwyn Johannes"]
[Black "Mostert, Gert"]
[Result "0-1"]
[WhiteElo "1147"]
[BlackElo "1370"]
[PlyCount "44"]
[EventDate "2017.04.05"]
[EventType "swiss"]
[EventRounds "11"]
[EventCountry "RSA"]
[SourceTitle "CBM 177 Extra"]
[Source "ChessBase"]
[SourceDate "2017.04.27"]
[SourceVersion "1"]
[SourceVersionDate "2017.04.27"]
[SourceQuality "1"]

1. e4 d5 2. exd5 Nf6 3. Nf3 Bg4 4. Be2 Qxd5 5. h3 Bxf3 6. Bxf3 Qe5+ 7. Qe2 Qxe2+ 8. Bxe2 Nc6 9. 0-0 0-0-0 10. Nc3 Nd4 11. Bd3 e5 12. b3 Bc5 13. Bb2 Rhe8 14. Kh1 e4 15. Bc4 Nxc2 16. Bxf7 Re7 17. Rac1 Rxd2 18. Bc4 e3 19. fxe3 Nxe3 20. Nd5 Nfxd5 21. Rf8+ Kd7 22. Bb5+ c6 0-1

[Event "RSA-ch U12"]
[Site "Gauteng"]
[Date "2017.04.06"]
[Round "3"]
[White "Marais, Alwyn Johannes"]
[Black "Lefyedi, Thatego"]
[Result "1/2-1/2"]
[WhiteElo "1147"]
[BlackElo "1093"]
[PlyCount "36"]
[EventDate "2017.04.05"]
[EventType "swiss"]
[EventRounds "11"]
[EventCountry "RSA"]
[SourceTitle "CBM 177 Extra"]
[Source "ChessBase"]
[SourceDate "2017.04.27"]
[SourceVersion "1"]
[SourceVersionDate "2017.04.27"]
[SourceQuality "1"]

1. e4 c5 2. Nf3 g6 3. d4 cxd4 4. Qxd4 Nf6 5. Nc3 Nc6 6. Qa4 Bg7 7. e5 Ng8 8. Bf4 Qb6 9. b3 d6 10. Nd5 Qd8 11. 0-0-0 Bd7 12. exd6 Kf8 13. Re1 e6 14. Nc7 Rc8 15. Bg5 f6 16. Qf4 h6 17. Bc4 e5 18. Rxe5 hxg5 1/2-1/2

[Event "Boksburg Inter Region-ch"]
[Site "Boksburg"]
[Date "2016.12.21"]
[Round "4.1"]
[White "Marais, Alwyn Johannes"]
[Black "Pesa, Mofoka A"]
[Result "0-1"]
[WhiteElo "1148"]
[BlackElo "1841"]
[PlyCount "76"]
[EventDate "2016.12.20"]
[EventType "team-swiss"]
[EventRounds "7"]
[EventCountry "RSA"]
[SourceTitle "CBM 176 Extra"]
[Source "ChessBase"]
[SourceDate "2017.03.02"]
[SourceVersion "1"]
[SourceVersionDate "2017.03.02"]
[SourceQuality "1"]
[WhiteTeam "Little Knights"]
[BlackTeam "Northern Cape"]
[WhiteTeamCountry "RSA"]
[BlackTeamCountry "RSA"]

1. e4 c5 2. Nf3 d6 3. d4 cxd4 4. Nxd4 Nf6 5. Nc3 a6 6. Bc4 g6 7. Be3 Bg7 8. f3 Nbd7 9. Qd2 Qc7 10. Bb3 b5 11. 0-0-0 Bb7 12. g4 Rc8 13. Kb1 Nc5 14. Nd5 Nxd5 15. Bxd5 Na4 16. h4 h5 17. Rdg1 Nb6 18. Bxb7 Qxb7 19. gxh5 Rxh5 20. Rg5 Nc4 21. Qd3 Rc5 22. Ne6 fxe6 23. Bxc5 Rxg5 24. hxg5 dxc5 25. f4 Nxb2 26. Qh3 Qxe4 27. Qh7 Kf7 28. Qh3 Na4 29. Rf1 Nc3+ 30. Kc1 Nxa2+ 31. Kd1 Bb2 32. Re1 Qd5+ 33. Ke2 Nc3+ 34. Kf1 Ne4 35. Qh7+ Bg7 36. Qh3 Qc4+ 37. Kg1 Bd4+ 38. Kh1 Nf2+ 0-1

[Event "Boksburg Inter Region-ch"]
[Site "Boksburg"]
[Date "2016.12.20"]
[Round "1.1"]
[White "Marais, Alwyn Johannes"]
[Black "Fakude, Hopewell Mongezi"]
[Result "0-1"]
[WhiteElo "1148"]
[BlackElo "1798"]
[PlyCount "80"]
[EventDate "2016.12.20"]
[EventType "team-swiss"]
[EventRounds "7"]
[EventCountry "RSA"]
[SourceTitle "CBM 176 Extra"]
[Source "ChessBase"]
[SourceDate "2017.03.02"]
[SourceVersion "1"]
[SourceVersionDate "2017.03.02"]
[SourceQuality "1"]
[WhiteTeam "Little Knights"]
[BlackTeam "Torpedos"]
[WhiteTeamCountry "RSA"]
[BlackTeamCountry "RSA"]

1. e4 g6 2. d4 Bg7 3. Nf3 d6 4. Bc4 Nf6 5. Nc3 0-0 6. 0-0 c6 7. Bb3 b5 8. Bf4 b4 9. Ne2 Nxe4 10. Ng3 Nxg3 11. fxg3 a5 12. a3 bxa3 13. Rxa3 Nd7 14. Ba2 Qb6 15. Re3 e5 16. Rb3 Qc7 17. Be3 Ba6 18. Re1 e4 19. Nd2 Rfe8 20. Bf2 Nf6 21. Rbe3 d5 22. c4 Bh6 23. R3e2 Ng4 24. h3 Nxf2 25. Kxf2 Qb6 26. Nb3 Bxc4 27. Rc2 Bxb3 28. Bxb3 Qxb3 29. Rxc6 Qxd1 30. Rxd1 Rab8 31. Rb1 Rb4 32. Ra6 a4 33. Ra5 Rxd4 34. b3 axb3 35. Rxb3 Rd2+ 36. Kf1 e3 37. Rb1 d4 38. Raa1 e2+ 39. Ke1 Rc2 40. g4 Bf4 0-1

[Event "Boksburg Inter Region-ch"]
[Site "Boksburg"]
[Date "2016.12.20"]
[Round "2.1"]
[White "Mthunzi, Clive"]
[Black "Marais, Alwyn Johannes"]
[Result "1-0"]
[WhiteElo "1839"]
[BlackElo "1148"]
[PlyCount "59"]
[EventDate "2016.12.20"]
[EventType "team-swiss"]
[EventRounds "7"]
[EventCountry "RSA"]
[SourceTitle "CBM 176 Extra"]
[Source "ChessBase"]
[SourceDate "2017.03.02"]
[SourceVersion "1"]
[SourceVersionDate "2017.03.02"]
[SourceQuality "1"]
[WhiteTeam "Vorster Force"]
[BlackTeam "Little Knights"]
[WhiteTeamCountry "RSA"]
[BlackTeamCountry "RSA"]

1. d4 d5 2. Nf3 Bf5 3. c4 e6 4. Nc3 Nf6 5. Bg5 Be7 6. Qb3 b6 7. Bxf6 Bxf6 8. cxd5 0-0 9. e4 Bg6 10. e5 Be7 11. dxe6 fxe6 12. Bc4 Kh8 13. Bxe6 Nc6 14. Rd1 Na5 15. Qd5 Qb8 16. Qd7 Qd8 17. Qxd8 Raxd8 18. Nd5 Rxd5 19. Bxd5 Bb4+ 20. Ke2 c6 21. Be6 Re8 22. Bd7 Re7 23. e6 Nc4 24. a3 Nxb2 25. axb4 Nxd1 26. Kxd1 Be4 27. Re1 Bd5 28. Ne5 Bxg2 29. Nxc6 Bf3+ 30. Kd2 1-0

[Event "Johannesburg Redpath op"]
[Site "Johannesburg"]
[Date "2016.07.17"]
[Round "8"]
[White "Marais, Alwyn Johannes"]
[Black "Nyathi, Musa"]
[Result "0-1"]
[WhiteElo "1095"]
[BlackElo "1366"]
[PlyCount "56"]
[EventDate "2016.07.13"]
[EventType "swiss"]
[EventRounds "9"]
[EventCountry "RSA"]
[SourceTitle "CBM 173 Extra"]
[Source "ChessBase"]
[SourceDate "2016.08.29"]
[SourceVersion "1"]
[SourceVersionDate "2016.08.29"]
[SourceQuality "1"]

1. e4 e5 2. Nf3 d6 3. d4 exd4 4. Qxd4 Nc6 5. Qa4 Bd7 6. Nc3 Nf6 7. Be2 Be7 8. Bf4 a6 9. Qb3 Rb8 10. a4 Be6 11. Nd5 Nxe4 12. c4 Nf6 13. 0-0 0-0 14. Rad1 a5 15. Qc2 Bxd5 16. cxd5 Nb4 17. Qc4 Qd7 18. Qb3 Qf5 19. Bg5 Nfxd5 20. Bxe7 Nxe7 21. Nd4 Qd7 22. Nb5 d5 23. Rd4 c6 24. Nc3 Ng6 25. Bg4 Qe7 26. Ne2 c5 27. Rd2 Qg5 28. f4 Qxg4 0-1

[Event "Johannesburg Redpath op"]
[Site "Johannesburg"]
[Date "2016.07.14"]
[Round "3"]
[White "Marais, Alwyn Johannes"]
[Black "Menyuku, Boitumelo Oscar"]
[Result "0-1"]
[WhiteElo "1095"]
[BlackElo "1785"]
[PlyCount "44"]
[EventDate "2016.07.13"]
[EventType "swiss"]
[EventRounds "9"]
[EventCountry "RSA"]
[SourceTitle "CBM 173 Extra"]
[Source "ChessBase"]
[SourceDate "2016.08.29"]
[SourceVersion "1"]
[SourceVersionDate "2016.08.29"]
[SourceQuality "1"]

1. e4 c5 2. Nf3 Nc6 3. d4 cxd4 4. Nxd4 e5 5. Nb3 Nf6 6. Nc3 Bb4 7. Bd3 Bxc3+ 8. bxc3 d5 9. f3 dxe4 10. fxe4 Nxe4 11. Bxe4 Qh4+ 12. Kf1 Qxe4 13. Ba3 Bg4 14. Qd6 Qe2+ 15. Kg1 Qe3+ 16. Kf1 Be2+ 17. Ke1 Bc4+ 18. Kd1 Rd8 19. Qxd8+ Kxd8 20. Re1 Qxc3 21. Bc5 Bxb3 22. Ba3 Qxc2# 0-1

[Event "RSA-chT U12"]
[Site "Cape Town"]
[Date "2016.01.07"]
[Round "7.6"]
[White "Marais, Alwyn Johannes"]
[Black "Bosch, Michael Delenn"]
[Result "0-1"]
[WhiteElo "1107"]
[BlackElo "1050"]
[PlyCount "33"]
[EventDate "2016.01.04"]
[EventType "team-tourn"]
[EventRounds "7"]
[EventCountry "RSA"]
[SourceTitle "CBM 170 Extra"]
[Source "ChessBase"]
[SourceDate "2016.02.25"]
[SourceVersion "1"]
[SourceVersionDate "2016.02.25"]
[SourceQuality "1"]
[WhiteTeam "Tshwane"]
[BlackTeam "Nelson Mandela Bay"]
[WhiteTeamCountry "RSA"]
[BlackTeamCountry "RSA"]

1. e4 e6 2. d4 d5 3. Nc3 c5 4. e5 Nc6 5. Be3 Qb6 6. f4 cxd4 7. Bf2 Qxb2 8. Nb5 Bb4+ 9. Ke2 Bc5 10. Nc7+ Kd7 11. Nxa8 d3+ 12. Qxd3 Bxf2 13. Rd1 Bd4 14. Nf3 Bc5 15. Ng5 Nh6 16. Nxh7 Nd4+ 17. Kd2 0-1

[Event "RSA-chT U12"]
[Site "Cape Town"]
[Date "2016.01.05"]
[Round "3.6"]
[White "Marais, Alwyn Johannes"]
[Black "Khatshwa, Alitha"]
[Result "1-0"]
[WhiteElo "1107"]
[BlackElo "1020"]
[PlyCount "81"]
[EventDate "2016.01.04"]
[EventType "team-tourn"]
[EventRounds "7"]
[EventCountry "RSA"]
[SourceTitle "CBM 170 Extra"]
[Source "ChessBase"]
[SourceDate "2016.02.25"]
[SourceVersion "1"]
[SourceVersionDate "2016.02.25"]
[SourceQuality "1"]
[WhiteTeam "Tshwane"]
[BlackTeam "Buffalo City"]
[WhiteTeamCountry "RSA"]
[BlackTeamCountry "RSA"]

1. e4 e5 2. Nf3 Nf6 3. Nc3 Nc6 4. Bb5 Bb4 5. 0-0 d6 6. d3 0-0 7. a3 Bxc3 8. bxc3 a6 9. Bxc6 bxc6 10. Rb1 c5 11. Bg5 h6 12. Bh4 Bg4 13. Qe2 Bh5 14. Rb7 Qe7 15. Rfb1 g5 16. Bg3 Nh7 17. Qe3 Nf6 18. h3 Kg7 19. R1b6 Nd7 20. Rc6 Rfc8 21. Qc1 Nb8 22. Rxd6 Qxd6 23. Bxe5+ Qxe5 24. Nxe5 f6 25. Ng4 Nc6 26. f4 Kg6 27. f5+ Kg7 28. Qe3 Na5 29. Qxc5 Nxb7 30. Qe7+ Bf7 31. Qxf6+ Kf8 32. Qxh6+ Ke8 33. Qh8+ Ke7 34. Qe5+ Kf8 35. Qh8+ Ke7 36. Qf6+ Kf8 37. Ne5 Nd6 38. Nc6 Re8 39. Qh6+ Kg8 40. f6 Re6 41. Qg7# 1-0

[Event "RSA-ch U10"]
[Site "Waterkloof"]
[Date "2015.04.08"]
[Round "8"]
[White "Marais, Alwyn Johannes"]
[Black "Sweetbert, Michael Tyrone"]
[Result "0-1"]
[WhiteElo "1031"]
[BlackElo "1264"]
[PlyCount "69"]
[EventDate "2015.04.04"]
[EventType "swiss"]
[EventRounds "9"]
[EventCountry "RSA"]
[SourceTitle "CBM 166 Extra"]
[Source "ChessBase"]
[SourceDate "2015.06.18"]
[SourceVersion "1"]
[SourceVersionDate "2015.06.18"]
[SourceQuality "1"]

1. e4 c5 2. Nf3 Nc6 3. Nc3 Nf6 4. d4 cxd4 5. Nxd4 e5 6. Ndb5 d6 7. Nd5 Nxd5 8. Qxd5 Be6 9. Qd3 a6 10. Nc3 Be7 11. Qg3 0-0 12. Bh6 g6 13. Bxf8 Bxf8 14. Be2 Nd4 15. 0-0 Nxc2 16. Rad1 Nd4 17. f4 Qb6 18. Qf2 Rc8 19. fxe5 dxe5 20. Kh1 Bc5 21. Na4 Qc7 22. Nxc5 Qxc5 23. Rc1 Qxc1 24. Rxc1 Rxc1+ 25. Bf1 Bc4 26. Kg1 Ne2+ 27. Kh1 Ng3+ 28. Kg1 Rxf1+ 29. Qxf1 Nxf1 30. b3 Bd3 31. Kf2 Nxh2 32. Kg3 Nf1+ 33. Kf2 Nd2 34. Ke3 Bxe4 35. Kxd2 0-1

[Event "RSA-ch U10"]
[Site "Waterkloof"]
[Date "2015.04.08"]
[Round "7"]
[White "Mostert, Gert"]
[Black "Marais, Alwyn Johannes"]
[Result "1-0"]
[WhiteElo "1115"]
[BlackElo "1031"]
[PlyCount "57"]
[EventDate "2015.04.04"]
[EventType "swiss"]
[EventRounds "9"]
[EventCountry "RSA"]
[SourceTitle "CBM 166 Extra"]
[Source "ChessBase"]
[SourceDate "2015.06.18"]
[SourceVersion "1"]
[SourceVersionDate "2015.06.18"]
[SourceQuality "1"]

1. e4 e5 2. Nf3 Nc6 3. Nc3 Nf6 4. d4 exd4 5. Nxd4 Bc5 6. Nxc6 bxc6 7. Bc4 d6 8. 0-0 Ng4 9. Qf3 0-0 10. h3 Nxf2 11. Rxf2 Bxf2+ 12. Qxf2 Qf6 13. Qxf6 gxf6 14. Bh6 Re8 15. Rf1 Be6 16. Bd3 Kh8 17. Rxf6 Rg8 18. Ne2 Bxh3 19. Nf4 Be6 20. Nxe6 fxe6 21. Rf7 Rg6 22. Be3 Rag8 23. Rxc7 Rxg2+ 24. Kh1 R2g4 25. Bf2 R4g6 26. Be3 Rg3 27. Bf4 R3g4 28. e5 Rh4+ 29. Bh2 1-0

[Event "RSA-ch U10"]
[Site "Waterkloof"]
[Date "2015.04.06"]
[Round "4"]
[White "Marais, Alwyn Johannes"]
[Black "Janse Van Vuren, Ernst"]
[Result "1-0"]
[WhiteElo "1031"]
[BlackElo "961"]
[PlyCount "35"]
[EventDate "2015.04.04"]
[EventType "swiss"]
[EventRounds "9"]
[EventCountry "RSA"]
[SourceTitle "CBM 166 Extra"]
[Source "ChessBase"]
[SourceDate "2015.06.18"]
[SourceVersion "1"]
[SourceVersionDate "2015.06.18"]
[SourceQuality "1"]

1. e4 c5 2. Nf3 e6 3. d4 cxd4 4. Nxd4 Bc5 5. Be3 Nf6 6. Nc3 0-0 7. Bd3 b6 8. 0-0 Bb7 9. e5 Nd5 10. Bxh7+ Kxh7 11. Qh5+ Kg8 12. Ne4 Bxd4 13. Ng5 Re8 14. Qxf7+ Kh8 15. Qh5+ Kg8 16. Qh7+ Kf8 17. Qh8+ Ke7 18. Qxg7# 1-0